| 000 | 00812nam a2200205 a 4500 | ||
|---|---|---|---|
| 001 | 000833747 | ||
| 003 | AM-YeHGA | ||
| 005 | 20250617161303.0 | ||
| 008 | 110927s1939 ru c r 000 0 rus d | ||
| 040 | _aAM-YeHGA | ||
| 041 | 0 | _arus | |
| 100 | 1 |
_aФофанов, Константин Михайлович _d1830-1862 |
|
| 245 | 1 | 0 |
_aСтихотворения / _cК.М. Фофанов ; Вступ. ст. и ред. текста М. Клемана. |
| 260 |
_aЛенинград : _bСоветский писатель, _c1939. |
||
| 300 |
_a286 с., [1] л. : _bпортр. |
||
| 440 | 0 |
_aБиблиотека поэта. _pМалая серия _vN 9 |
|
| 650 | 1 | 4 |
_aРусская литература _xПоэзия |
| 700 | 1 |
_aКлеман, М. _eвступ. ст. _4aui _eред. _4edt |
|
| 090 | _c471983 | ||
| 999 |
_c468739 _d468739 |
||